| 000 | 00587nam a2200217Ia 4500 | ||
|---|---|---|---|
| 003 | IN-BaIIA | ||
| 008 | 211028s9999 xx 000 0 eng d | ||
| 020 | _a0-12-664050-5 | ||
| 040 | _cIIA Library | ||
| 080 |
_a535 _bSTA |
||
| 100 |
_aStauroudis, O. N _97719 |
||
| 245 | 4 |
_aThe Optics of rays wavefronts, and caustics _cO. N. Stauroudis |
|
| 260 |
_aNew York _bAcademic Press _c1972 |
||
| 300 | _axvi, 313p. | ||
| 490 | _aPure and Applied Physics v. 38, | ||
| 650 |
_aCaustics _97720 |
||
| 650 | _aNASA Thesaurus | ||
| 650 | _aOptics | ||
| 650 |
_aWave Fronts _97721 |
||
| 942 | _cBK | ||
| 999 |
_c4421 _d4421 |
||